Влияние теплофизических характеристик материала покрытия на энергетическое состояние атомов обрабатываемой поверхности при газотермическом напылении; Высокие технологии в современной науке и технике (ВТСНТ-2016)

Dades bibliogràfiques
Parent link:Высокие технологии в современной науке и технике (ВТСНТ-2016).— 2016.— [С. 151-152]
Autor principal: Рагулина М. П.
Autor corporatiu: Национальный исследовательский Томский политехнический университет (ТПУ) Институт физики высоких технологий (ИФВТ) Кафедра материаловедения в машиностроении (ММС)
Altres autors: Храпковская Ю. А. (научный руководитель), Зенин Б. С. Борис Сергеевич
Sumari:Заглавие с титульного экрана
Idioma:rus
Publicat: 2016
Col·lecció:Технологии материалов новых поколений и наноматериалов
Matèries:
Accés en línia:http://earchive.tpu.ru/handle/11683/36465
Format: MixedMaterials Electrònic Capítol de llibre
KOHA link:https://koha.lib.tpu.ru/cgi-bin/koha/opac-detail.pl?biblionumber=621787

MARC

LEADER 00000naa2a2200000 4500
001 621787
005 20231101133159.0
035 |a (RuTPU)RU\TPU\conf\20403 
035 |a RU\TPU\conf\20402 
090 |a 621787 
100 |a 20170119d2016 k y0rusy50 ca 
101 0 |a rus 
102 |a RU 
105 |a y z 101zy 
135 |a drcn ---uucaa 
181 0 |a i  
182 0 |a b 
200 1 |a Влияние теплофизических характеристик материала покрытия на энергетическое состояние атомов обрабатываемой поверхности при газотермическом напылении  |f М. П. Рагулина, Ю. А. Храпковская, Б. С. Зенин  |g науч. рук. Б. С. Зенин 
203 |a Текст  |c электронный 
225 1 |a Технологии материалов новых поколений и наноматериалов 
230 |a 1 компьютерный файл (pdf; 269 Kb) 
300 |a Заглавие с титульного экрана 
320 |a [Библиогр.: с. 152 (5 назв.)] 
463 1 |0 (RuTPU)RU\TPU\conf\20333  |t Высокие технологии в современной науке и технике (ВТСНТ-2016)  |o сборник научных трудов V Международной научно-технической конференции молодых ученых, аспирантов и студентов, г. Томск, 5–7 декабря 2016 г.  |f Национальный исследовательский Томский политехнический университет (ТПУ) ; под ред. А. Н. Яковлева  |v [С. 151-152]  |d 2016 
610 1 |a труды учёных ТПУ 
610 1 |a электронные ресурсы 
610 1 |a газотермическое напыление 
610 1 |a дисперсные порошки 
610 1 |a атомы 
610 1 |a металлические материалы 
610 1 |a плавление 
700 1 |a Рагулина  |b М. П. 
701 1 |a Храпковская  |b Ю. А. 
701 1 |a Зенин  |b Б. С.  |c специалист в области материаловедения  |c доцент Томского политехнического университета, кандидат физико-математических наук  |f 1942-  |g Борис Сергеевич  |2 stltpush  |3 (RuTPU)RU\TPU\pers\29010 
702 1 |a Зенин  |b Б. С.  |c специалист в области материаловедения  |c доцент Томского политехнического университета, кандидат физико-математических наук  |f 1942-  |g Борис Сергеевич  |2 stltpush  |4 727 
712 0 2 |a Национальный исследовательский Томский политехнический университет (ТПУ)  |b Институт физики высоких технологий (ИФВТ)  |b Кафедра материаловедения в машиностроении (ММС)  |h 74  |2 stltpush  |3 (RuTPU)RU\TPU\col\18688 
801 2 |a RU  |b 63413507  |c 20181220  |g RCR 
856 4 |u http://earchive.tpu.ru/handle/11683/36465 
942 |c BK